000 00898nam a2200253 a 4500
005 20250826063916.0
008 050819m19902003mx 000 0 spa d
020 _a9682439299
035 _aUPN01000140197
049 _aCG
050 4 _aHD30.28
_bA5.6 1990
100 1 _aAnsoff, H. Igor
245 1 3 _aEl planteamiento estratégico :
_bnueva tendencia de la administración /
_cH. I. Ansoff, R. P. Declerck, R. L. Hayes ; tr. Emilio Toussaint M.
250 _a2a ed.
260 _aMéxico :
_bTrillas,
_c1990 (2003 impr.).
300 _a284 p. :
_bgráfs., cuadros
534 _pTítulo original:
_tFrom strategic planning to strategic management
650 4 _aPlanificación estratégica
_91106
650 4 _aSolución de conflictos
_96402
650 4 _aAdministración
_vCongresos
_9418
700 1 _aDeclerck, Roger P.,
_ecoaut.
700 1 _aHayes, Robert L.,
_ecoaut.
905 _aLibro
999 _c112345
_d112345